[Event "POL-chT 2nd League"]
[Site "Mrzezyno"]
[Date "2011.09.06"]
[Round "4"]
[White "Stepniak, Przemyslaw"]
[Black "Maciaga, Marcin"]
[Result "1/2-1/2"]
[WhiteElo "1879"]
[BlackElo "2241"]
[PlyCount "120"]
[EventDate "2011.09.03"]
[EventType "team-swiss"]
[EventRounds "9"]
[EventCountry "POL"]
[SourceTitle "EXT 2015"]
[Source "ChessBase"]
[SourceDate "2014.11.20"]
[SourceVersion "1"]
[SourceVersionDate "2014.11.20"]
[SourceQuality "1"]
[WhiteTeam "Lubsko Caissa"]
[BlackTeam "Zielonka Zieloni"]
[WhiteTeamCountry "POL"]
[BlackTeamCountry "POL"]

1. f4 d5 2. Nf3 g6 3. e3 Bg7 4. d4 Nf6 5. Bd3 c5 6. c3 Nc6 7. 0-0 Qc7 8. Qe1 c4 9. Bc2 Bf5 10. Bxf5 gxf5 11. Nbd2 0-0 12. Ne5 Nd8 13. Qh4 b5 14. h3 b4 15. Nb1 Rb8 16. cxb4 Rxb4 17. Nc3 Qb7 18. Rf2 Ne4 19. Nxe4 dxe4 20. a3 Ra4 21. Rc2 Qb3 22. Qf2 Ne6 23. Qe2 Rc8 24. Rc3 Qb7 25. Qh5 Bxe5 26. fxe5 Ng7 27. Qd1 Ra6 28. Qc2 Qd5 29. Qf2 f6 30. exf6 Rxf6 31. Bd2 Rg6 32. Rac1 Rgc6 33. Qg3 Kf7 34. Be1 Rg6 35. Qh4 Rcc6 36. Qf2 Ne8 37. Kh1 Kg7 38. Qh4 Nf6 39. Qf4 Kf7 40. Bh4 Nd7 41. g4 e6 42. Rf1 Kg7 43. gxf5 Qxf5 44. Qxf5 exf5 45. Rxf5 Rb6 46. Rc2 Rb3 47. Re2 c3 48. bxc3 Rxc3 49. Ra5 a6 50. Kh2 Rc1 51. Bg3 Rb6 52. Be5+ Nxe5 53. Rxe5 Rb3 54. Rxe4 Rxa3 55. Re7+ Kg6 56. Rg2+ Kf6 57. Rxh7 Rxe3 58. Rh6+ Kf5 59. Rxa6 Rd1 60. Rd6 Red3 1/2-1/2

[Event "POL-chT 2nd League"]
[Site "Polanica Zdroj"]
[Date "2004.09.10"]
[Round "9"]
[White "Klykow, Lukasz"]
[Black "Stepniak, Przemyslaw"]
[Result "1-0"]
[WhiteElo "2195"]
[BlackElo "1800"]
[PlyCount "67"]
[EventDate "2004.09.04"]
[EventType "team-swiss"]
[EventRounds "11"]
[EventCountry "POL"]
[SourceTitle "CBM 102 Extra"]
[Source "ChessBase"]
[SourceDate "2004.11.03"]
[SourceVersion "1"]
[SourceVersionDate "2004.11.03"]
[SourceQuality "1"]
[WhiteTeam "Wroclaw Srodmiescie"]
[BlackTeam "Lubsko Caissa"]
[WhiteTeamCountry "POL"]
[BlackTeamCountry "POL"]

1. d4 d5 2. Nf3 e6 3. c4 f5 4. Ne5 Nf6 5. Nd2 c6 6. Ndf3 Nbd7 7. c5 Nxe5 8. Nxe5 Be7 9. e3 0-0 10. Bd3 Qe8 11. Bd2 Ne4 12. 0-0 Bf6 13. b4 a6 14. f3 Ng5 15. Be1 Nf7 16. Bg3 Nxe5 17. Bxe5 Bxe5 18. dxe5 Qe7 19. Qc2 Bd7 20. a4 h6 21. f4 g5 22. Qe2 a5 23. Qd2 b6 24. cxb6 axb4 25. a5 c5 26. a6 c4 27. b7 Ra7 28. Bxc4 gxf4 29. Qd4 Rxb7 30. axb7 dxc4 31. Ra8 Bc6 32. Rxf8+ Qxf8 33. Qd6 Bxb7 34. Qxe6+ 1-0

[Event "POL-chT 2nd League"]
[Site "Polanica Zdroj"]
[Date "2004.09.09"]
[Round "6"]
[White "Stepniak, Przemyslaw"]
[Black "Kaczmarek, Piotr"]
[Result "0-1"]
[WhiteElo "1800"]
[BlackElo "1951"]
[PlyCount "59"]
[EventDate "2004.09.04"]
[EventType "team-swiss"]
[EventRounds "11"]
[EventCountry "POL"]
[SourceTitle "CBM 102 Extra"]
[Source "ChessBase"]
[SourceDate "2004.11.03"]
[SourceVersion "1"]
[SourceVersionDate "2004.11.03"]
[SourceQuality "1"]
[WhiteTeam "Lubsko Caissa"]
[BlackTeam "Srem LKS Piast"]
[WhiteTeamCountry "POL"]
[BlackTeamCountry "POL"]

1. f4 Nf6 2. Nf3 c5 3. e3 g6 4. Be2 Bg7 5. 0-0 0-0 6. Qe1 d6 7. d3 Nc6 8. c3 e5 9. e4 exf4 10. Bxf4 d5 11. Bg5 Qd6 12. Qh4 Ng4 13. h3 dxe4 14. dxe4 Nge5 15. Na3 f6 16. Be3 Be6 17. Rad1 Qe7 18. Nxe5 Nxe5 19. Qf2 b6 20. b3 Rad8 21. c4 Nc6 22. Bf3 Ne5 23. Be2 Rfe8 24. Nb5 Nf7 25. Bf4 Ne5 26. Nc3 Nf7 27. Rxd8 Rxd8 28. Nd5 Bxd5 29. exd5 f5 30. Kh2 0-1